008450000a22001570004500090001500000100002400015245009300039260004700132300001200179500005900191520029400250001000500544942000700549952011400556999001700670 aT W391c e11 aWerster, Douglas D.10aA critique of jon sobrino's christology: an evangelical perspective / Douglas D. Werster aEEUU (universiti of st. Michael's College) aPag 247 aTesis (doctorado)--University of St. Michael's College a- Th eimportance of Jon sobrinos's christology for evangelical theology - Christology and the reality of God - An incarnational hermeneutic - A hermeneutical transposition - The normativeness of Jesus' own history - The death and hope of Jesus - Evangelicals and Jon sobrino's christology5293 cBK 001040708TGaFUSBCbFUSBCd2004-12-10l0o T W391c e1p11418r2019-12-12 00:00:00t1w2016-01-26yTGB0C3 c35702d35702